| 000 | 00428nam a22001697a 4500 | ||
|---|---|---|---|
| 003 | OSt | ||
| 005 | 20220203094718.0 | ||
| 008 | 220203b |||||||| |||| 00| 0 eng d | ||
| 020 | _a978-0-340-88502-4 | ||
| 040 |
_aDDC _cHU |
||
| 082 |
_21ST _a617.5 _b1 |
||
| 100 |
_aMANOJ RAMACHANDRAN _929581 |
||
| 245 | _aBASIC ORTHOPAEDIC SCIENCES | ||
| 250 | _a1ST | ||
| 260 |
_aLONDON _bHODDER ARNOLD COMPANY _c2007 |
||
| 942 |
_2ddc _cBOOKS _n0 |
||
| 999 |
_c29075 _d29075 |
||